Les oberlie / (Record no. 30937)

MARC details
000 -LEADER
campo de control de longitud fija 00456nam a2200169 i 4500
001 - NÚMERO DE CONTROL
campo de control 30937
003 - IDENTIFICADOR DE NÚMERO DE CONTROL
campo de control ES-MaACL
005 - FECHA Y HORA DE LA ÚLTIMA TRANSACCIÓN
campo de control 20250809063453.0
007 - CAMPO FIJO DE DESCRIPCIÓN FÍSICA--INFORMACIÓN GENERAL
campo de control de longitud fija t|
008 - DATOS DE LONGITUD FIJA--INFORMACIÓN GENERAL
campo de control de longitud fija 030127q19001999fr ||||1| fre d
100 1# - ENTRADA PRINCIPAL--NOMBRE DE PERSONA
Nombre de persona Bazin, René,
Fechas asociadas al nombre 1853-1932
9 (RLIN) 26752
245 14 - MENCIÓN DEL TÍTULO
Título Les oberlie /
Mención de responsabilidad, etc. René Bazin.
260 ## - PUBLICACIÓN, DISTRIBUCIÓN, ETC.
Lugar de publicación, distribución, etc. [S.l. :
Nombre del editor, distribuidor, etc. s.n.,
Fecha de publicación, distribución, etc. 19--?] (
Lugar de fabricación/manufactura Lagny :
Fabricante E. Grevin)
300 ## - DESCRIPCIÓN FÍSICA
Extensión 396 p. ;
Dimensiones 18 cm.
852 ## - LOCALIZACIÓN
Ubicación ES-MaACL
Número de control de estantería F-5391
Holdings
Estatus retirado Estado de pérdida Estado de daño No para préstamo Colección Biblioteca de origen Biblioteca actual Ubicación en estantería Fecha de adquisición Fuente de adquisición Total de préstamos Signatura topográfica completa Código de barras Visto por última vez Precio de reemplazo Tipo de ítem Koha
        Libros del s. XIX Biblioteca del Ateneo de Madrid Biblioteca del Ateneo de Madrid Depósito 2 17/01/2008     F-5391 1031961 23/02/2023 23/02/2023 Libro impreso antiguo